000 00671nam a2200217Ia 4500
005 20250623163354.0
008 230125s9999 xx 000 0 und d
020 _a8178841495
041 _aeng
082 _a003.54
_bJAI
100 _aJain V K
245 _aEncyclopaedia Of Computer & Information Technology : Vol 2
250 _a1st Ed.
260 _c2005
_bCyber tech publisher
_aNew Delhi
300 _a396p
500 _aencyclopaedia;Information technology;Encyclopaedia of Information Technology
650 _aencyclopaedia;Information technology;Encyclopaedia of Information Technology
_9180884
700 _aJain V K
906 _b420
942 _cBK
999 _c367072
_d367072